000 00782nam a2200265Ia 4500
003 OSt
005 20220918180307.0
006 a|||||r|||| 00| 0
007 ta
008 220917b |||||||| |||| 00| 0 eng d
024 _a21,550
037 _cTextual
040 _aARTS
_cARTS
_beng
041 _2eng
_aeng
082 _aR3v5:L9, K6
100 _aBeck Lewis White ed
_956023
245 0 _aEighteenth-century philosophy
260 _aNew York
_bFree Press
_c1966
300 _axi,302p.
_ccm.
490 _aReadings in the history of philosophy ed by Paul Edwards and Richard H Popkin; 5
500 _aBibliography 303-15p; Index 317-321p
650 _aPHILOSOPHY
942 _hR3v5:L9, K6
_cTEXL
_2CC
999 _c161031
_d161031